000 00974nam a2200193 i 4500
001 157749
003 ES-MaACL
005 20230906210833.0
008 050912s1614 sp |||| | spa d
245 0 0 _aSumario del Concilio Provincial, que se celebró en la ciudad de los Reyes, el año de mil y quinientos y sesenta y siete /
_cfecho y sacado por orden y con auctoridad del ultimo concilio Provincial, que se celebró en la dicha Ciudad, este año de mil y quinientos y ochenta y tres.
260 _aEn Seuilla :
_bpor Matias Clauijo,
_c1614.
300 _a[6], [2] en bl., 231 p. ;
_c4º.
530 _aDisponible en formato digital.
597 _aSign.: ¶\4, A-O8, P6.
597 _aPort. con grab. xil.
650 4 _aConcilios y sínodos.
_9135803
852 _aES-MaACL
_jR-1452
_z- Enc. piel marrón con hierros dorados
_x- Olim: G-14586
856 _uhttps://bvpb.mcu.es/es/consulta/registro.do?id=577704
_zBiblioteca Virtual del Patrimonio Bibliográfico
999 _c157749
_d157749